000 01449nmm a2200325 i 4500
001 193998
003 ES-MaACL
005 20250704062602.0
007 ta
008 240314e2021 sp ||||| |||| 00| 0 spa d
020 _q9788416390991
040 _bspa
_cES-MaACL
100 1 _aArias Bautista, María Teresa
_eaut
_9146469
245 1 0 _aConcepción Arenal en un océano de relaciones
_h[Recurso electrónico] /
_cMaría Teresa Arias Bautista
260 _aSevilla :
_bBenilde,
_c[2021]
300 _a215 páginas
336 _2rdacontent
_atexto
337 _2rdamedia
_asin mediación
338 _2rdacarrier
_avolumen
490 0 _aMujeres, cultura y escritura
_v; 13
500 _aÍndice
504 _aBibliografía: páginas 193-215
505 _aConcepción Arenal y los varones de su familia ; Concepción Arenal y las mujeres de su familia ; El Ateneo de Madrid y Concepción Arenal ; Concepción Arenal y las ateneístas ; Concepción Arenal y los ateneístas ; Concepción Arenal y sus relaciones con varones no ateneístas ; Concepción Arenal y algunos varones más ; Concepción Arenal y sus relaciones femeninas
600 1 4 _922591
_aArenal, Concepción,
_d1820-1893
610 2 4 _aAteneo de Madrid-
_vHistoria
_91925
852 _aES-MaACL
856 4 _uhttps://benilde.org/concepcion-arenal-en-un-oceano-de-relaciones/
_xAsociación Benilde
_zTexto completo
942 _2udc
_n0
_cPDF
999 _c193998
_d193998